[Event "Reggio Calabria Province-ch"]
[White "Luca, Alessandro"]
[Black "Vallone, Rosario"]
[Site "Calabria"]
[Round "4"]
[Result "1/2-1/2"]
[Date "2012.05.06"]
[WhiteElo "1847"]
[BlackElo "1557"]
[PlyCount "99"]
[EventDate "2012.05.04"]
[EventType "swiss"]
[EventRounds "5"]
[EventCountry "ITA"]
[SourceTitle "EXT 2014"]
[Source "ChessBase"]
[SourceDate "2013.11.20"]
[SourceVersion "1"]
[SourceVersionDate "2013.11.20"]
[SourceQuality "1"]

1. e4 e6 2. d4 d5 3. Bd3 c5 4. dxc5 Bxc5 5. exd5 Qxd5 6. Bb5+ Bd7 7. Qxd5 exd5 8. Bd3 Bc6 9. Nd2 Nf6 10. Ngf3 0-0 11. 0-0 Re8 12. Nb3 Bb6 13. Bd2 a5 14. Bc3 Ne4 15. Bd4 Bxd4 16. Nbxd4 Nd7 17. Bb5 Rac8 18. c3 Ndc5 19. a4 Ne6 20. Rad1 Bxb5 21. Nxb5 Red8 22. Nd2 f5 23. f3 N4c5 24. b4 axb4 25. cxb4 Nxa4 26. Rfe1 Kf7 27. Ra1 Nb2 28. Ra7 Rd7 29. Rxb7 Rxb7 30. Nd6+ Kf6 31. Nxb7 Rb8 32. Nc5 Nxc5 33. bxc5 Nd3 34. Ra1 Nxc5 35. Ra5 Rc8 36. Kf2 Ke5 37. Ke3 g5 38. g3 d4+ 39. Ke2 h5 40. Nc4+ Ke6 41. Nb6 Rc6 42. Rb5 h4 43. Rb4 hxg3 44. hxg3 Rd6 45. Nc4 Ra6 46. Rb2 g4 47. Rd2 Nb3 48. Rb2 gxf3+ 49. Kxf3 Kd5 50. Ne3+ 1/2-1/2

[Event "Reggio Calabria Province-ch"]
[White "Manti, Elisa"]
[Black "Luca, Alessandro"]
[Site "Calabria"]
[Round "3"]
[Result "0-1"]
[Date "2012.05.05"]
[WhiteElo "1494"]
[BlackElo "1847"]
[PlyCount "120"]
[EventDate "2012.05.04"]
[EventType "swiss"]
[EventRounds "5"]
[EventCountry "ITA"]
[SourceTitle "EXT 2014"]
[Source "ChessBase"]
[SourceDate "2013.11.20"]
[SourceVersion "1"]
[SourceVersionDate "2013.11.20"]
[SourceQuality "1"]

1. e4 e5 2. Bc4 Bc5 3. Nc3 Nc6 4. d3 h6 5. f4 d6 6. f5 Na5 7. Bb3 Nxb3 8. axb3 Bd7 9. Nf3 Nf6 10. h3 Bc6 11. g4 Qe7 12. g5 hxg5 13. Bxg5 a6 14. h4 0-0-0 15. Na4 Ba7 16. c4 Bxa4 17. Rxa4 c6 18. Nh2 d5 19. Qc2 dxe4 20. dxe4 Rd7 21. Nf3 Rhd8 22. Nd2 Rxd2 23. Bxd2 Nd7 24. Ra1 Qc5 25. Ba5 b6 26. Bc3 Kb7 27. Bd2 b5 28. Rf1 Nf6 29. b4 Qd4 30. Rd1 Nxe4 31. Bg5 Qxd1+ 32. Qxd1 Rxd1+ 33. Kxd1 f6 34. Bc1 bxc4 35. Re1 Ng3 36. Kc2 Nxf5 37. h5 Bd4 38. Bd2 Ng3 39. h6 gxh6 40. Bxh6 Nf5 41. Bd2 Nd6 42. Re2 Kb6 43. Bh6 Nf5 44. Bd2 c5 45. Re1 Nd6 46. Rf1 f5 47. bxc5+ Kxc5 48. Bh6 Kd5 49. Bf8 f4 50. Rd1 Nf5 51. Bb4 Ne3+ 52. Kd2 Nxd1 53. Kxd1 Bxb2 54. Kc2 c3 55. Kd1 f3 56. Bxc3 Bxc3 57. Kc2 Kd4 58. Kd1 Kd3 59. Kc1 f2 60. Kb1 f1Q+ 0-1